000
00279nam a22001337a 4500
008
210304b ||||| |||| 00| 0 eng d
020
_a
0131298593
041
_a
eng
080
_2
4th
_a
541
100
_a
12
101
_a
KIM
245
_a
Chemistry
_c
Hill,C.J
942
_2
udc
_c
BK
999
_c
55726
_d
55726